| 000 | 00515nam a22001697a 4500 | ||
|---|---|---|---|
| 005 | 20251108164714.0 | ||
| 008 | 250721s1977 xx 000 0 ara d | ||
| 082 | 1 | 4 | _a812.9563/محم |
| 100 | 1 | _aمبارك، محمد | |
| 245 | 1 | 0 |
_aالإنسان و القضية : _bمسرحية في حياة المتنبي / |
| 264 | 1 |
_aبغداد : _bوزارة الاعلام، _c1977. |
|
| 300 | _a107ص | ||
| 650 | 1 | 7 | _aالمسرحيات العربية |
| 650 | 1 | 7 | _aالعراق |
| 942 |
_2ddc _cBK |
||
| 999 |
_c12302 _d12302 |
||